| 000 | 00375 a2200169 4500 | ||
|---|---|---|---|
| 001 | 186977 | ||
| 020 | _a85-08-10031-0 | ||
| 040 | _cMagnum | ||
| 100 | _aBandeira, Pedro | ||
| 240 | 1 | 0 |
_aAlice no país da mentira _lpor |
| 245 | 1 | 0 | _aAlice no país da mentira |
| 300 | _a88 | ||
| 362 | 0 | _a2006 | |
| 440 | 1 | _aÁtica | |
| 697 | _aLITERATURA INFANTO-JUVENIL | ||
| 942 | _cBK | ||
| 999 |
_c186977 _d186977 |
||